000 00342nam a2200133Ia 4500
008 240624s9999 xx 000 0 und d
041 _aeng
082 _a920 BLA
100 _aBLACKABY SUSAN
245 _aALEXANDER HAMILTON HIS LIFE OUR HISTORY
260 _c2019
_aNew York
_bSterling Children's Books
300 _a188 p.
365 _c
_b33
999 _c32550
_d32550